| 000 | 00629nam a2200193 a 4500 | ||
|---|---|---|---|
| 020 | _a0415040817 | ||
| 082 | 0 | 0 |
_a300.321 _bSOC _cL-31,P-96 |
| 245 | 0 | 4 |
_aThe Social science encyclopedia / _cedited by Adam Kuper and Jessica Kuper. |
| 250 | _aRev. and repr. | ||
| 260 |
_aLahore ; _aService book Club : _bWajidalis, _c1989. |
||
| 300 |
_axxviii, 916 p. ; _c21 cm. |
||
| 526 |
_a0 _b0 _c0 _d300_321000000000000_SOC |
||
| 526 |
_a0 _b0 _c0 _d300_321000000000000_SOC |
||
| 650 | 0 |
_aMCE _9379 |
|
| 650 | 0 |
_aSocial sciences _xDictionaries. _937522 |
|
| 700 | 1 |
_aKuper, Adam. _937523 |
|
| 700 | 1 |
_aKuper, Jessica. _937524 |
|
| 942 |
_2ddc _cBK |
||
| 999 |
_c542384 _d542384 |
||